| 000 | 00506nam a2200181Ia 4500 | ||
|---|---|---|---|
| 005 | 20250423100924.0 | ||
| 008 | 250422s9999 xx 000 0 und d | ||
| 020 | _a9780743466271 | ||
| 050 | _aHQ 1154 .M67/ | ||
| 100 | _aMorgan, Robin | ||
| 245 | 0 | _aSisterhood is forever : the women's anthology for a new millennium | |
| 260 | _aNew York | ||
| 260 | _bWashington square press | ||
| 260 | _c2003 | ||
| 300 | _a580 p | ||
| 650 | _aFeminism. Women's rights. Women--Social conditions. | ||
| 942 | _cBK | ||
| 999 |
_c34749 _d34749 |
||